Sobre el astrolabio firmado por G. Frisius y G. Arsenius /

Se presenta un estudio del astrolabio, antiguo instrumento de navegación que representaba la esfera celeste con las principales estrellas y que se utilizaba para observar y determinar la altura, la posición y el movimiento de los astros sobre el horizonte. El estudio es a propósito del astrolabio qu...

全面介紹

Guardado en:
書目詳細資料
主要作者: Fernández Villar, Miguel (autor)
格式: 圖書
語言:西班牙语
叢編:(Colecciones de los Museos)
主題:
標簽: 添加標簽
沒有標簽, 成為第一個標記此記錄!

MARC

LEADER 00000nam^a2200000^a^4500
001 000126619
005 20250521000000.0
009 20260310094733.415
037 |a Acervo ITESO - Biblioteca 
041 |a ESP 
082 |a 522. 4  |b FER 
100 |a Fernández Villar, Miguel  |e (autor) 
245 1 0 |a Sobre el astrolabio firmado por G. Frisius y G. Arsenius /  |c M. Fernández Villar. 
264 |a México :  |b Museo Nacional de Historia :  |b INAH :  |b Secretaría de Educación Pública,  |c 1976 
300 |a 23 p. 
336 |a texto  |b txt  |2 rdacontenido 
337 |a sin mediación  |b n  |2 rdamedio 
338 |a volumen  |b nc  |2 rdasoporte 
440 1 |a (Colecciones de los Museos) 
520 |a Se presenta un estudio del astrolabio, antiguo instrumento de navegación que representaba la esfera celeste con las principales estrellas y que se utilizaba para observar y determinar la altura, la posición y el movimiento de los astros sobre el horizonte. El estudio es a propósito del astrolabio que se encuentra en el Museo Nacional de Historia de la ciudad de México. 
649 |a XX 
650 |a Astrolabio -  |x Historia 
650 |a Navegación -  |x Historia 
650 |a Ciencia -  |x Historia 
910 |a Fondo Salvador Reynoso Reynoso 
920 |a Impresos - Libros 
930 |a Fondos Especiales 
905 |a 112 
901 |a 0800009256  |b IT2  |c ESP  |u 20250521 
902 |a https://opac.biblio.iteso.mx/vufind/Record/000126619